LEADER 01606nam0 22003613i 450 001 VAN00239100 005 20251105082816.377 017 70$2N$a9783030298401 100 $a20220203d2020 |0itac50 ba 101 $aeng 102 $aIT 105 $a|||| ||||| 181 $ai$b e 182 $ab 183 $acr 200 1 $aAdvanced Nano-Bio Technologies for Water and Soil Treatment$feditors Jan Filip ... [et al.] 210 $aCham$cSpringer$d2020 215 $aXXV, 657 p.$cill.$d24 cm 410 1$1001VAN00238297$12001 $aApplied Environmental Science and Engineering for a Sustainable Future$1210 $aCham$cSpringer$d2016- 620 $aCH$dCham$3VANL001889 676 $a577.6$cInquinamento acqua - Ecologia acquatica$v22 676 $a668.4192$cTecnologia dei rifiuti$v22 676 $a571.95$cEcotossicologia$v22 702 1$aFilip$bJan$3VANV196043 712 $aSpringer $3VANV108073$4650 801 $aIT$bSOL$c20251107$gRICA 856 4 $uhttps://link.springer.com/book/10.1007/978-3-030-29840-1$zE-book - Accesso al full-text attraverso riconoscimento IP di Ateneo, proxy e/o Shibboleth 899 $aBIBLIOTECA DEL DIPARTIMENTO DI SCIENZE E TECNOLOGIE AMBIENTALI BIOLOGICHE E FARMACEUTICHE$1IT-CE0101$2VAN17 912 $fN 912 $aVAN00239100 950 $aBIBLIOTECA DEL DIPARTIMENTO DI SCIENZE E TECNOLOGIE AMBIENTALI BIOLOGICHE E FARMACEUTICHE$d17CONS e-book 2223 $e17BIB2223/325 325 20220203 996 $aAdvanced Nano-Bio Technologies for Water and Soil Treatment$92017446 997 $aUNICAMPANIA